| 000 -LEADER |
| fixed length control field |
01129 a2200229 4500 |
| 003 - CONTROL NUMBER IDENTIFIER |
| control field |
Nust |
| 005 - DATE AND TIME OF LATEST TRANSACTION |
| control field |
20221007094350.0 |
| 010 ## - LIBRARY OF CONGRESS CONTROL NUMBER |
| LC control number |
90022223 |
| 020 ## - INTERNATIONAL STANDARD BOOK NUMBER |
| International Standard Book Number |
0023300116 |
| 040 ## - CATALOGING SOURCE |
| Transcribing agency |
Nust |
| 082 00 - DEWEY DECIMAL CLASSIFICATION NUMBER |
| Classification number |
629.83,DOY |
| 100 1# - MAIN ENTRY--PERSONAL NAME |
| Personal name |
Doyle, John Comstock. |
| 9 (RLIN) |
99433 |
| 245 10 - TITLE STATEMENT |
| Title |
Feedback control theory / |
| Statement of responsibility, etc. |
John C. Doyle, Bruce A. Francis, Allen R. Tannenbaum. |
| 260 ## - PUBLICATION, DISTRIBUTION, ETC. |
| Place of publication, distribution, etc. |
New York : |
| Name of publisher, distributor, etc. |
Macmillan Pub. Co. ; |
| Place of publication, distribution, etc. |
Toronto : |
| Name of publisher, distributor, etc. |
Collier Macmillan Canada ; |
| Place of publication, distribution, etc. |
New York : |
| Name of publisher, distributor, etc. |
Maxwell Macmillan International, |
| Date of publication, distribution, etc. |
c1992. |
| 300 ## - PHYSICAL DESCRIPTION |
| Extent |
xi, 227 p. : |
| Other physical details |
ill. ; |
| Dimensions |
24 cm. |
| 505 ## - FORMATTED CONTENTS NOTE |
| Formatted contents note |
Introduction (Page-1), Norms for Signals and Systems (Page-13), Basic Concepts (Page-32), Uncertainty and Robustness (Page-46), Stabilization (Page-66), Design Constraint (Page-90), Loopshaping (Page-105), Advanced Loopshaping (Page-121), Model Matching (Page-156), Design for Performance (Page-172), Stability Margin Optimization (Page-190), Design for Robust Performance (Page-205). |
| 650 #0 - SUBJECT ADDED ENTRY--TOPICAL TERM |
| Topical term or geographic name entry element |
Control theory. |
| 650 #0 - SUBJECT ADDED ENTRY--TOPICAL TERM |
| Topical term or geographic name entry element |
Feedback control systems. |
| 700 1# - ADDED ENTRY--PERSONAL NAME |
| Personal name |
Francis, Bruce A. |
| 9 (RLIN) |
99434 |
| 700 1# - ADDED ENTRY--PERSONAL NAME |
| Personal name |
Tannenbaum, Allen, |
| Dates associated with a name |
1953- |
| 9 (RLIN) |
99435 |
| 942 ## - ADDED ENTRY ELEMENTS (KOHA) |
| Source of classification or shelving scheme |
|
| Koha item type |
Reference |